Coupes d'Europe Football les 12 clubs en demi-finales - Statistiques

Statistiques générales
  • Ce quiz a été pris 550 fois
  • Le résultat moyen est 8 sur 12
Statistiques - réponses
Réponse % Correct
Real Madrid
99%
Manchester City
95%
Liverpool
92%
Olympique de Marseille
72%
Villareal CF
66%
Eintracht Francfort
65%
AS Rome
63%
Feyenoord Rotterdam
53%
Glasgow Rangers
50%
West Ham United
50%
Leicester City
31%
RB Leipzig
31%
Aucun quiz correspondant
Distribution des résultats
% des personnes avec chaque résultat
Percentile par nombre de réponses
Votre historique - résultats
Vous n’avez pas pris ce quiz